00700nam a2200205 a 4500003000700000005001700007008004100024040003300065041000800098050002500106110006400131245011300195260004000308300001400348336002800362337003000390338002700420650002200447650002500469CBULib20240807132454.0190521s2015 ||||||||||||||||| || u aCBULibbEnglishcCBULiberda aeng aUNCTAD(058)TDRO/2015 aUnited Nations Conference on Trade and Development (UNCTAD)10aTrade and Development report, 2015 overviewc/ by United Nations Conference on Trade and Development(UNCTAD) aNew York : bUnited Nations,c2015. a36 pages  2rdacontentaText |btxt 2rdamediaaUnmediated |bn 2rdacarrieraVolumebnc aECONOMICAL POLICY aDEVELOPING COUNTRIES